The genius of the people / (Record no. 997)

000 -LEADER
fixed length control field 01058nam a22003497a 4500
001 - CONTROL NUMBER
control field 1935132
003 - CONTROL NUMBER IDENTIFIER
control field OSt
005 - DATE AND TIME OF LATEST TRANSACTION
control field 20210426113932.0
008 - FIXED-LENGTH DATA ELEMENTS--GENERAL INFORMATION
fixed length control field 860904s1987 nyuabc b 001 0 eng
010 ## - LIBRARY OF CONGRESS CONTROL NUMBER
LC control number 86045669
020 ## - INTERNATIONAL STANDARD BOOK NUMBER
International Standard Book Number 006015702X
040 ## - CATALOGING SOURCE
Original cataloging agency DLC
Transcribing agency DLC
Modifying agency DLC
Language of cataloging eng
041 ## - LANGUAGE CODE
Language code of text/sound track or separate title eng
043 ## - GEOGRAPHIC AREA CODE
Geographic area code n-us---
050 00 - LIBRARY OF CONGRESS CALL NUMBER
Classification number KF4520
Item number .M44 1987
080 ## - UNIVERSAL DECIMAL CLASSIFICATION NUMBER
Universal Decimal Classification number 94
Item number M-47
082 00 - DEWEY DECIMAL CLASSIFICATION NUMBER
Classification number 342.73/029
-- 347.30229
Edition number 19
100 1# - MAIN ENTRY--PERSONAL NAME
Personal name Mee, Charles L.
245 14 - TITLE STATEMENT
Title The genius of the people /
Statement of responsibility, etc. Charles L. Mee, Jr.
Remainder of title / by: Harper and Row Publishers
250 ## - EDITION STATEMENT
Edition statement 1st edition
260 ## - PUBLICATION, DISTRIBUTION, ETC.
Place of publication, distribution, etc. New York :
Name of publisher, distributor, etc. Harper and Row Publishers
Date of publication, distribution, etc. c1987.
300 ## - PHYSICAL DESCRIPTION
Extent xi, 348 p. :
Other physical details ill., maps, ports. ;
Dimensions 25 cm.
365 ## - TRADE PRICE
Price amount 19.95 usd
500 ## - GENERAL NOTE
General note Includes index.
504 ## - BIBLIOGRAPHY, ETC. NOTE
Bibliography, etc. note Bibliography: p. 329-336.
610 10 - SUBJECT ADDED ENTRY--CORPORATE NAME
Corporate name or jurisdiction name as entry element United States.
Subordinate unit Constitutional Convention
Date of meeting or treaty signing (1787)
650 #0 - SUBJECT ADDED ENTRY--TOPICAL TERM
Topical term or geographic name entry element Constitutional history
Geographic subdivision United States.
650 #0 - SUBJECT ADDED ENTRY--TOPICAL TERM
Topical term or geographic name entry element History
9 (RLIN) 252
653 ## - INDEX TERM--UNCONTROLLED
Uncontrolled term ისტორია
906 ## - LOCAL DATA ELEMENT F, LDF (RLIN)
a 7
b cbc
c orignew
d 1
e ocip
f 19
g y-gencatlg
942 ## - ADDED ENTRY ELEMENTS (KOHA)
Source of classification or shelving scheme
Koha item type Books
Edition 1
Holdings
Withdrawn status Lost status Source of classification or shelving scheme Damaged status Not for loan Permanent location Current location Date acquired Inventory number Total Checkouts Full call number Barcode Date last seen Price effective from Koha item type
          Ken Walker International University Ken Walker International University 01/27/2021 2471   94 M-47 2471 01/27/2021 01/27/2021 Books

Powered by Koha